000 00677cam a2200241 a 4500
999 _c5201
_d5201
001 2406953
003 GBCCL
005 20241126110535.0
008 861217s1987 nyu d 000 0 eng
010 _a 86030561
020 _a03102121X
_c$8.95
040 _aDLC
_cDLC
_dDLC
050 1 0 _aBV220
_b.B47 1987
082 0 0 _a248.32
_219
_bBIS
100 1 _aBisagno, John R.
_99366
245 1 4 _aThe power of positive praying /
_cby John Bisagno.
250 _a1st large print ed.
260 _aGrand Rapids:
_bZondervan :
_c1978.
300 _a91 ;
_c21 cm.
650 0 _aPrayer
_xChristianity.
_9227
906 _a7
_bcbc
_corignew
_d1
_eocip
_f19
_gy-gencatlg
942 _2ddc
_cBK
_04